000 00283nam a22001337a 4500
008 171010b xxu||||| |||| 00| 0 eng d
020 _a9780192806062
041 _aeng
080 _a316
100 _a50
101 _aSOC
245 _aFUNDAMENTALISM
_cRUTHVEN,M
942 _2udc
_cBK
999 _c32796
_d32796